000 01026na a2200289 4500
001 15852
003 MIRAKIL
005 20181213155145.0
008 160924b tu 000 0
020 _a975192698X
022 _a02595338
035 _a15852
040 _aMilas
_btur
_cTR-AnCHP
041 _atur
_aeng
082 _a382.09561021 1999
_bT95d 2001
090 _a382.09561021 1999 T95d 2001
110 _aTürkiye İstatistik Kurumu (TÜİK)
245 _aDış ticaret istatistikleri
_b1999 = foreign trade statistics
_cDevlet İstatistik Enstitüsü (DİE)
246 _a1999 foreign trade statistics
260 _aAnkara
_bDevlet İstatistik Enstitüsü (DİE)
_c2001
300 _axx, 507 s.
_btbl. , grf.
_c30 sm.
490 _aDevlet İstatistik Enstitüsü
_v2431
500 _aKurumun yeni adı: Türkiye İstatistik Kurumu (TÜİK)
546 _aMetinler Türkçe-İngilizce karşılıklıdır.
650 _aDış Ticaret
_v1999
_xİstatistikler
_yTürkiye
_zSüreli yayınlar
942 _2ddc
_cBKS
999 _c7649
_d7649